| 000 | 00745nam a2200277Ia 4500 | ||
|---|---|---|---|
| 005 | 20250425161917.0 | ||
| 008 | 250425s9999 xx 000 0 und d | ||
| 020 | _a8436810880 | ||
| 041 | _aspa | ||
| 043 | _asp | ||
| 082 | _a658.8 | ||
| 100 | _aGIL LAFUENTE, JAIME | ||
| 245 | 0 | _aMARKETING PARA EL NUEVO MILENIO: NUEVAS TECNICAS PARA LA GESTION COMERCIAL EN LA INCERTIDUMBRE | |
| 250 | _a1A ED. | ||
| 260 |
_aEspaƱa _bEDICIONES PIRAMIDE S.A. _c1997 |
||
| 260 | _aMADRID | ||
| 300 | _a476 | ||
| 500 | _aCONT. FORMULAS Y FLUJOGRAMAS | ||
| 650 | _aGESTION COMERCIAL | ||
| 650 | _aMARKETING | ||
| 650 | _aTECNICAS DE MERCADEO | ||
| 650 | _aTECNOLOGIA | ||
| 710 | _aEDICIONES PIRAMIDE S.A. | ||
| 942 | _c01 | ||
| 010 | _a34655 | ||
| 999 |
_c218653 _d218653 |
||